Ciudad y conflicto : un análisis de la urbanización capitalista /

Bibliographic Details
Main Author: Portillo, Alvaro 1948-
Format: Libro
Language:Spanish
Published: Montevideo Compañeros 1991

MARC

LEADER 00000cam a2200000 a 4500
001 006563
003 UAHC_CL
005 20170803120245.0
008 121004s1991 uy 000 spa
040 |a UAHC_CL  |c UAHC_CL  |d UAHC_CL 
082 0 4 |a 307.7  |b P852  |2 21 
100 1 |a Portillo, Alvaro  |d 1948- 
245 1 0 |a Ciudad y conflicto :  |b un análisis de la urbanización capitalista /  |c Alvaro Portillo. 
260 |b Compañeros  |a Montevideo  |c 1991 
300 |a 94 p. 
900 |a 307.7 POR 
942 |c BK 
952 |0 0  |1 0  |4 0  |6 307_700000000000000_POR  |7 0  |8 General  |9 14287  |a BC  |b BC  |c General  |d 2017-08-03  |l 0  |o 307.7 POR  |p 1387337  |r 2026-01-19 00:00:00  |t 1  |w 2017-08-03  |y BK  |z Fotocopia 
952 |0 0  |1 0  |4 0  |6 307_700000000000000_POR  |7 0  |8 General  |9 14288  |a BC  |b BC  |c General  |d 2017-08-03  |l 0  |o 307.7 POR  |p 1387338  |r 2026-01-19 00:00:00  |t 2  |w 2017-08-03  |y BK  |z Fotocopia 
952 |0 0  |1 0  |4 0  |6 307_700000000000000_POR  |7 0  |8 General  |9 14289  |a BC  |b BC  |c General  |d 2017-08-03  |l 0  |o 307.7 POR  |p 1387264  |r 2026-01-19 00:00:00  |t 3  |w 2017-08-03  |y BK  |z Fotocopia 
952 |0 0  |1 0  |4 0  |6 307_700000000000000_POR  |7 0  |8 General  |9 14290  |a BC  |b BC  |c General  |d 2017-08-03  |l 0  |o 307.7 POR  |p 1387265  |r 2026-01-19 00:00:00  |t 4  |w 2017-08-03  |y BK  |z Fotocopia 
999 |c 6563  |d 6563